Seinfeld Phrases: Fill In The Blank Quiz Stats

 Plays Quiz not verified by Sporcle

Also try: The Office A-Z
Challenge
Share
Tweet
Embed
Score 0/50 Timer 08:00
0 Plays Today
Phrase Answer % Correct
_____ VandelayArt
93.9%
No _____ for you!soup
91.5%
Soup _____Nazi
90%
The _____ SaladBig
87.7%
Del Boca _____Vista
86.5%
Marine _____Biologist
86%
Fusili _____Jerry
85.8%
Frank and _____ CostanzaEstelle
85%
Black and White _____Cookie
83.7%
Sponge_____worthy
83.2%
Van _____ BoysBuren
82.7%
Dr. Tim _____Whatley
82.6%
A _____ for the rest of us.Festivus
81.2%
David _____Puddy
80.7%
Astronaut _____Pen
79.3%
Top of the _____ to You!Muffin
79.2%
J. _____Peterman
78.9%
Anti-_____Dentite
78.1%
_____ PublishingPendant
75.3%
Kenny _____Bania
73.3%
_____ SombreroUrban
71.8%
_____ Coffee ShopMonk's
71%
Keith _____Hernandez
70.9%
Latvian _____Orthodox
68%
Kramer's mother, _____ Kramer.Babs
66.3%
Phrase Answer % Correct
_____ StoreJerk
62.2%
Cinnamon _____Babka
62.1%
That is one magic _____loogie
61.4%
Who does not want to wear the _____?ribbon
59.7%
Counterclockwise _____Swirl
59.5%
I choose not to _____run
59.3%
Queen of the _____Castle
57.4%
_____ DeMornayRebecca
55.6%
Super Terrific _____Happy Hour
53.7%
Poppie's a little _____Sloppy
50.3%
Significant _____Shrinkage
49.9%
Sweet fancy _____Moses
46.7%
Cousin _____Jeffrey
45.5%
Scarsdale _____Surprise
44.2%
O'Brien and _____Murphy
44.1%
_____ Industrial SmootingKruger
43.8%
He took it _____out
41.8%
Got No Green Lantern and Lois _____Loan
40.2%
Jack _____Klompus
36.6%
Label _____ Jr.Baby
36.1%
I have seen the _____ on your soul!nipple
34.3%
New Format: Scandals and _____Animals
27.2%
It's in the _____vault
24.8%
_____ Benes, Elaine's fatherAlton
24.5%
Yamahama, it's _____fright night
24.4%

You're not logged in!

Compare scores with friends on all Sporcle quizzes.
Join for Free
OR
Log In

You Might Also Like...

Show Comments

Extras

Created Nov 29, 2009ReportNominate
Tags:Seinfeld Quiz, blank, phrase

Top Quizzes Today


Score Distribution

Your Account Isn't Verified!

In order to create a playlist on Sporcle, you need to verify the email address you used during registration. Go to your Sporcle Settings to finish the process.

Report this User

Report this user for behavior that violates our Community Guidelines.

Details: